Представление документа в формате MARC21

Поле Инд. ПП Название Значение
Тип записи a
Библиографический уровень b
001 Контрольный номер RU/IS/BASE/504202844
005 Дата корректировки 20220420085629.0
008 Кодируемые данные 20151223
040 b Код языка каталог. rus
e Правила каталог. PSBO
041 0_ a Код языка текста rus
084 a Индекс другой классификации/Индекс ББК 65.в6; 65.01; 65.053
100 1_ a Автор Яркин А. М.
q Полное имя Яркин Александр Михайлович
245 10 a Заглавие Эндогенные институты прав собственности и неравенство в модели с асимметричной борьбой за ренту
500 a Примечание Приложение
504 a Библиография Лит.
520 a Аннотация Исследуется воздействие неравенства в распределении богатства на качество институтов защиты прав собственности в недемократических режимах. Большая асимметрия в распределении богатства между элитой и остальным населением порождает конфликтное равновесие...
650 a Основная рубрика методология науки
a Основная рубрика методы научного исследования
a Основная рубрика экономика
a Основная рубрика экономическая теория
a Основная рубрика экономический анализ
653 1_ a Ключевые слова богатство
a Ключевые слова борьба за ренту
a Ключевые слова господствующая элита
a Ключевые слова защита прав собственности
a Ключевые слова институциональные режимы
a Ключевые слова конфликтное равновесие
a Ключевые слова макроэкономика
a Ключевые слова модель ренты
a Ключевые слова недемократические режимы
a Ключевые слова общественный договор
a Ключевые слова политические режимы
a Ключевые слова право собственности
a Ключевые слова распределение богатства
a Ключевые слова рента
a Ключевые слова социальное неравенство
a Ключевые слова экономическое неравенство
a Ключевые слова экспроприация
773 0_ t Заглавие источника Экономический журнал ВШЭ
d Дата издания источника 2015
g Прочая информация Т. 19, № 1. - С. 45 - 80 : расчет., табл., граф.
w Контрольный № источника RU/IS/BASE/482514989
901 t Тип документа b